Návrh impulzného VN generátora

Guardado en:
Detalles Bibliográficos
Autor principal: Sopóci, Marek (Autor)
Otros Autores: Pípa, Marek (Orientador)
Formato: Manuscrito Libro
Lenguaje:eslovaco
Publicado: 2019
Materias:
Acceso en línea:http://is.stuba.sk/zp/portal_zp.pl?podrobnosti=144492
Etiquetas: Agregar Etiqueta
Sin Etiquetas, Sea el primero en etiquetar este registro!

MARC

LEADER 00000ntm a22000003a 4500
001 stuzp69465
003 SK-STU
005 20190701104922.7
007 ta
008 150427s2015----xo-----f-mn---000-0-slo-d
040 |a STU  |b slo 
041 0 |a slo 
044 |a xo 
100 1 |a Sopóci, Marek  |u 032000  |k Z4  |4 aut  |U FEI Fakulta elektrotechniky a informatiky  |T FEI Ústav elektroenergetiky a aplikovanej elektrotechniky  |X 74483  |U E020  |Y 548  |7 74483 
242 0 1 |a Design of Impulse HV Generator  |y eng 
245 1 0 |a Návrh impulzného VN generátora 
260 |c 2019 
300 |a 79 s. 
650 4 |a riadiaci systém  |2 slo 
650 4 |a ciachovanie  |2 slo 
650 4 |a impulzný vysokonapäťový generátor  |2 slo 
650 4 |a nastavovanie výstupného napätia  |2 slo 
650 4 |a merací systém  |2 slo 
650 4 |a output voltage setting  |2 eng 
650 4 |a measuring system  |2 eng 
650 4 |a calibration  |2 eng 
650 4 |a impulse high-voltage generator  |2 eng 
650 4 |a control system  |2 eng 
700 1 |a Pípa, Marek  |u 032000  |k Z1  |4 ths  |U FEI Fakulta elektrotechniky a informatiky  |T FEI Ústav elektroenergetiky a aplikovanej elektrotechniky  |X 2666  |U E020  |Y 548  |7 A000002666 
856 4 |u http://is.stuba.sk/zp/portal_zp.pl?podrobnosti=144492 
996 |b 284EP12222  |c E*DIPL- 12222  |l EE32  |s P  |a 0  |w stuzp69465_0001